| 000 | 00613nam a2200169 a 4500 | ||
|---|---|---|---|
| 001 | 000048393 | ||
| 005 | 20201002061123.0 | ||
| 008 | 190221s1956 dr a r 000 0 spa d | ||
| 040 |
_aDO-SdBNP _bspa _cBNPHU |
||
| 082 |
_axxxx _bY43p |
||
| 100 | 1 |
_aYélamos Romera, Francisco _975804 |
|
| 245 | 1 | 0 |
_aPiedras preciosas : _bestudio histórico-científico desde la antiguedad / _cFrancisco Yélamos Romera ; prólogo José María Pemán. |
| 260 |
_aCadiz, España : _bGonzález Rubiales, _c1956. |
||
| 300 |
_a69 p. : _bil. ; _c22 cm. |
||
| 590 | _aInventariado, 2019/BT | ||
| 700 | 1 |
_aPemán, José María, _epról. _947739 |
|
| 999 |
_c47881 _d47881 |
||